Phương pháp luận nghiên cứu sư phạm kĩ thuật
Sách trình bày về những vấn đề chung về sư phạm kỹ thuật, một số phương pháp nghiên cứu sư phạm kỹ thuật, tiến trình nghiên cứu một đề tài khoa học; bên cạnh đó, sách còn giới thiệu về một số tiêu chuẩn kiểm định chất lượng....
Guardat en:
| Autor principal: | |
|---|---|
| Format: | Llibre |
| Idioma: | Undetermined |
| Publicat: |
Hà Nội
Đại học Sư phạm Hà Nội
2008
|
| Matèries: | |
| Etiquetes: |
Afegir etiqueta
Sense etiquetes, Sigues el primer a etiquetar aquest registre!
|
| Thư viện lưu trữ: | Trung tâm Học liệu Trường Đại học Cần Thơ |
|---|
| LEADER | 01000nam a2200205Ia 4500 | ||
|---|---|---|---|
| 001 | CTU_150488 | ||
| 008 | 210402s9999 xx 000 0 und d | ||
| 020 | |c 39000 | ||
| 082 | |a 620.0072 | ||
| 082 | |b Kh452 | ||
| 100 | |a Nguyễn, Văn Khôi | ||
| 245 | 0 | |a Phương pháp luận nghiên cứu sư phạm kĩ thuật | |
| 245 | 0 | |c Nguyễn Văn Khôi, Nguyễn Văn Bính | |
| 260 | |a Hà Nội | ||
| 260 | |b Đại học Sư phạm Hà Nội | ||
| 260 | |c 2008 | ||
| 520 | |a Sách trình bày về những vấn đề chung về sư phạm kỹ thuật, một số phương pháp nghiên cứu sư phạm kỹ thuật, tiến trình nghiên cứu một đề tài khoa học; bên cạnh đó, sách còn giới thiệu về một số tiêu chuẩn kiểm định chất lượng. | ||
| 650 | |a Technical,Kỹ thuật | ||
| 904 | |i Hoan | ||
| 980 | |a Trung tâm Học liệu Trường Đại học Cần Thơ | ||